Československé finanční právo
Uložené v:
| Hlavný autor: | |
|---|---|
| Médium: | Kniha |
| Jazyk: | Czech |
| Vydavateľské údaje: |
Praha
Ústav státní správy
1987
|
| Edícia: | Studie a informace
|
| Tagy: |
Žiadne tagy, Buďte prvý, kto otaguje tento záznam!
|
MARC
| LEADER | 00000nam a2200000 4500 | ||
|---|---|---|---|
| 001 | c034497 | ||
| 005 | 20250926125025.2 | ||
| 041 | 0 | |a cze | |
| 044 | |a CZ | ||
| 245 | 1 | 0 | |a Československé finanční právo |c Milan Bakeš |
| 264 | 1 | |a Praha |b Ústav státní správy |c 1987 | |
| 300 | |a 158 s. | ||
| 490 | 1 | |a Studie a informace | |
| 830 | 0 | |a Studie a informace | |
| 100 | 1 | |a Bakeš, Milan | |